000 00475nam a22001817a 4500
005 20251031123024.0
008 251031b |||||||| |||| 00| 0 eng d
040 _aMAIN
082 _a538.3
_bA31S
100 _aAsha Rani
245 _aSynthesis and characterization of boro-vanadate glasses
260 _bDepartment of Physics, M D University, Rohtak
_c2025
300 _ax, 178
650 _aPhysics
650 _aGlasses
700 _aParmar, Rajesh
942 _cTH
999 _c393764
_d393764